header

Eminent maricones (Record no. 86122)

MARC details
000 -LEADER
fixed length control field 01515nam a2200397 a 4500
082 04 - DEWEY DECIMAL CLASSIFICATION NUMBER
Classification number 868
100 1# - MAIN ENTRY--AUTHOR NAME
Personal name Manrique, Jaime,
245 10 - TITLE STATEMENT
Title Eminent maricones
260 ## - PUBLICATION, DISTRIBUTION, ETC. (IMPRINT)
Place of publication Madison, Wis. :
Name of publisher University of Wisconsin Press,
Year of publication 1999.
300 ## - PHYSICAL DESCRIPTION
Number of Pages ix, 116 p.
490 1# - SERIES STATEMENT
Series statement Living out
650 #0 - SUBJECT ADDED ENTRY--TOPICAL TERM
Topical Term Authors, Colombian
Topical Term Authors, Spanish American
Topical Term Authors, Spanish
Topical Term Gay men
Topical Term Gay men
856 40 - ELECTRONIC LOCATION AND ACCESS
Uniform Resource Identifier http://site.ebrary.com/lib/rucke/Doc?id=10415771

No items available.

© 2026 Rongo University
Contact us: librarian | system librarian | Rongo university